00597nam a2200193 a 4500008004100000020001800041050001400059100002200073245009500095250001600190260004800206300003400254350001000288650001600298650000800314650002300322650003800345700002000383210309s1999 ||||||||||||||||| || u a9780314140777 aKB 21 Arb aO'Brien, Edward L10aStreet law: A course in practical law (6th edition)cBy Lee P. Arbetman; Edward L. O'Brien a6th edition aNew YorkbWest Educational Publishingc1999 axxx, 680 pages: illustrations a59.00 0aLIFE SKILLS aLAW aCONSUMER EDUCATION aLAW--UNITED STATES--POPULAR WORKS aArbetman, Lee P